[Event "Portoroz op 11th"]
[Site "Portoroz"]
[Date "2017.07.27"]
[Round "7"]
[White "Gregoric, Andraz"]
[Black "Habjan, Marko"]
[Result "0-1"]
[WhiteElo "1751"]
[BlackElo "1945"]
[PlyCount "62"]
[EventDate "2017.07.22"]
[EventType "swiss"]
[EventRounds "9"]
[EventCountry "SLO"]
[SourceTitle "EXT 2018"]
[Source "ChessBase"]
[SourceDate "2017.10.13"]
[SourceVersion "1"]
[SourceVersionDate "2017.10.13"]
[SourceQuality "1"]

1. e4 c5 2. Nf3 d6 3. d4 cxd4 4. Nxd4 Nf6 5. Nc3 a6 6. Be2 e5 7. Nb3 Be7 8. Bg5 Be6 9. Bxf6 Bxf6 10. 0-0 0-0 11. Bg4 Nc6 12. a3 Qd7 13. h3 Ne7 14. Qd2 Bxg4 15. hxg4 Qxg4 16. Qxd6 Ng6 17. Qd3 Bh4 18. Qf3 Qxf3 19. gxf3 Rac8 20. Rad1 Nf4 21. Rd7 Rc6 22. Rfd1 Rg6+ 23. Kf1 Rg2 24. R1d2 Rg6 25. R7d6 Bf6 26. Nd5 Nh3 27. Nxf6+ gxf6 28. Nc5 Rg1+ 29. Ke2 Nf4+ 30. Ke3 Re1+ 31. Re2 Rxe2# 0-1

[Event "Portoroz op 11th"]
[Site "Portoroz"]
[Date "2017.07.26"]
[Round "6"]
[White "Habjan, Marko"]
[Black "Koller, Hans Juergen"]
[Result "0-1"]
[WhiteElo "1945"]
[BlackElo "2126"]
[PlyCount "104"]
[EventDate "2017.07.22"]
[EventType "swiss"]
[EventRounds "9"]
[EventCountry "SLO"]
[SourceTitle "EXT 2018"]
[Source "ChessBase"]
[SourceDate "2017.10.13"]
[SourceVersion "1"]
[SourceVersionDate "2017.10.13"]
[SourceQuality "1"]

1. d3 g6 2. g3 Bg7 3. Bg2 d6 4. Nf3 c5 5. c4 Nc6 6. Nc3 e5 7. Bg5 f6 8. Bd2 Nge7 9. Qc1 0-0 10. h4 h5 11. Bh6 Be6 12. Bxg7 Kxg7 13. e4 a6 14. Kf1 Qd7 15. Qd2 Rfb8 16. Nd5 b5 17. Nxe7 Nxe7 18. b3 bxc4 19. dxc4 Nc6 20. Kg1 a5 21. Kh2 a4 22. Qd3 Ra7 23. Rhd1 Nd4 24. Nxd4 cxd4 25. Rab1 Rab7 26. Rb2 Rb4 27. Rc1 Qb7 28. c5 dxc5 29. Rxc5 axb3 30. axb3 Rxb3 31. Rxb3 Qxb3 32. Rc7+ Bf7 33. Qa6 Rd8 34. Bh3 Rf8 35. Qd6 Qf3 36. Kg1 Qxe4 37. Qe7 f5 38. Rd7 f4 39. Be6 f3 40. Bc4 Qf5 41. Ra7 d3 42. Rd7 e4 43. Kh2 Kg8 44. Kg1 e3 45. Bxd3 exf2+ 46. Kxf2 Qh3 47. Rd8 Qh2+ 48. Ke3 Qg1+ 49. Kf4 Be8+ 50. Ke5 Qe3+ 51. Be4 Qc3+ 52. Rd4 Qe3 0-1

[Event "Portoroz op 11th"]
[Site "Portoroz"]
[Date "2017.07.23"]
[Round "2"]
[White "Habjan, Marko"]
[Black "Adrian, Claude"]
[Result "0-1"]
[WhiteElo "1945"]
[BlackElo "2246"]
[PlyCount "76"]
[EventDate "2017.07.22"]
[EventType "swiss"]
[EventRounds "9"]
[EventCountry "SLO"]
[SourceTitle "EXT 2018"]
[Source "ChessBase"]
[SourceDate "2017.10.13"]
[SourceVersion "1"]
[SourceVersionDate "2017.10.13"]
[SourceQuality "1"]

1. Nf3 c5 2. g3 b6 3. c4 Bb7 4. b3 Nf6 5. Bb2 e6 6. Bg2 Be7 7. 0-0 0-0 8. d4 cxd4 9. Nxd4 Bxg2 10. Kxg2 d6 11. Nc3 Qc7 12. Qd3 Nbd7 13. Ndb5 Qb8 14. f3 a6 15. Nd4 Qb7 16. Rfd1 Rac8 17. Rac1 Rfd8 18. e4 h5 19. h4 Ne5 20. Qe2 Ng6 21. Rc2 Nd7 22. Kh2 Qb8 23. f4 Nf6 24. f5 Ng4+ 25. Kh3 Nf8 26. Rf1 Bf6 27. fxe6 fxe6 28. Rd2 Qb7 29. Nf3 Ng6 30. Na4 b5 31. Bxf6 Nxf6 32. Nb2 Nxe4 33. Rd4 d5 34. Rxe4 dxe4 35. Ng5 Rf8 36. Qxh5 Rxf1 37. Qh7+ Kf8 38. Nxe6+ Ke7 0-1

[Event "Lucija op 3rd"]
[Site "Lucija"]
[Date "2011.08.14"]
[Round "3"]
[White "Habjan, Marko"]
[Black "Vidic, Miha"]
[Result "0-1"]
[WhiteElo "1942"]
[BlackElo "2052"]
[PlyCount "94"]
[EventDate "2011.08.14"]
[EventType "swiss"]
[EventRounds "9"]
[EventCountry "SLO"]
[SourceTitle "EXT 2012"]
[Source "ChessBase"]
[SourceDate "2011.11.24"]
[SourceVersion "1"]
[SourceVersionDate "2011.11.24"]
[SourceQuality "1"]

1. b4 d5 2. d4 Nf6 3. a4 Bf5 4. Ba3 e6 5. Nf3 Nbd7 6. e3 a6 7. Bd3 Bg4 8. b5 Bxa3 9. Rxa3 axb5 10. axb5 Rxa3 11. Nxa3 Qe7 12. Nb1 Ne4 13. 0-0 Nd6 14. Nbd2 0-0 15. Qa1 Nb6 16. Qc3 Ra8 17. Ra1 Rxa1+ 18. Qxa1 Bf5 19. Bxf5 exf5 20. Qa7 Qe8 21. h4 Qa8 22. Qxa8+ Nxa8 23. Ne5 Nb6 24. Nb3 Nxb5 25. Kf1 Nc4 26. Nxc4 dxc4 27. Na5 Nd6 28. Ke1 Kf8 29. f3 Ke7 30. d5 Kf6 31. f4 Kg6 32. Kf2 Kh5 33. g3 Kg4 34. Kg2 f6 35. h5 Kxh5 36. Kf3 g6 37. Kf2 Kg4 38. Kg2 h6 39. Kf2 Kh3 40. Kf3 Kh2 41. g4 fxg4+ 42. Kxg4 f5+ 43. Kh4 Kg1 44. Kg3 Kf1 45. Kf3 Ke1 46. e4 fxe4+ 47. Ke3 h5 0-1

[Event "Lucija Domen op 1st"]
[Site "Lucija"]
[Date "2006.05.06"]
[Round "4"]
[White "Habjan, Marko"]
[Black "Juras, Zvonko"]
[Result "1-0"]
[WhiteElo "1883"]
[BlackElo "1958"]
[PlyCount "117"]
[EventDate "2006.05.05"]
[EventType "swiss"]
[EventRounds "7"]
[EventCountry "SLO"]
[SourceTitle "EXT 2008"]
[Source "ChessBase"]
[SourceDate "2007.11.25"]
[SourceVersion "1"]
[SourceVersionDate "2007.11.25"]
[SourceQuality "1"]

1. e4 e5 2. Nf3 Nc6 3. Bb5 a6 4. Ba4 Nf6 5. 0-0 b5 6. Bb3 Be7 7. Re1 d6 8. c3 Na5 9. Bc2 c5 10. d4 Qc7 11. h3 0-0 12. Bg5 Nc4 13. b3 Nb6 14. Nbd2 h6 15. Bh4 Re8 16. d5 Nbd7 17. Nf1 Nf8 18. Qd2 Ng6 19. Bg3 Nh5 20. a4 Bd7 21. Red1 Rab8 22. axb5 axb5 23. Ra2 Ra8 24. Rda1 Rxa2 25. Rxa2 Qb7 26. Qd1 Nxg3 27. Nxg3 Ra8 28. Qa1 Rxa2 29. Qxa2 Bc8 30. Qa5 Qd7 31. Bd3 c4 32. bxc4 bxc4 33. Bxc4 Bf8 34. Bb5 Qb7 35. Ne2 f5 36. exf5 Bxf5 37. c4 Qf7 38. Qc3 Ne7 39. Ng3 Bh7 40. Qe3 Nf5 41. Nxf5 Qxf5 42. Nh4 Qf6 43. Nf3 Qf5 44. Qa7 Qf7 45. Qb8 Bf5 46. Nh4 Bd3 47. Qc8 g5 48. Bd7 Qf6 49. Be6+ Kh8 50. Nf3 Kg7 51. Nh2 Kg6 52. Ng4 Qe7 53. Ne3 Qf6 54. g4 Be2 55. Nf5 h5 56. Qe8+ Kh7 57. Qxh5+ Bh6 58. Nxd6 Qf4 59. Bf5+ 1-0